[Event "1. Bamberg-Open 2018"]
[Site "Bamberg"]
[Date "2018.05.12"]
[Round "5"]
[White "Donchenko, Alexander"]
[Black "Keymer, Vincent"]
[Result "0-1"]
[WhiteElo "2587"]
[BlackElo "2443"]
[Annotator "TA"]
[PlyCount "116"]
[EventDate "2018.??.??"]
[EventType "swiss"]
[EventCountry "GER"]
[SourceTitle "playchess.com"]
[Source "ChessBase"]
[SourceQuality "1"]

{[%evp 16,116,0,12,16,-11,13,-34,-14,-17,-8,-26,-4,-64,-70,-71,-47,-39,-39,-50,-50,-65,-64,-66,-63,-61,-61,-82,-79,-93,-92,-126,-97,-127,-125,-243,-246,-231,-191,-224,-203,-439,-433,-450,-441,-454,-445,-396,-113,-106,-106,-98,0,-105,-107,-186,-66,-314,-321,-338,-309,-334,-323,-333,-334,-330,-328,-319,-322,-321,-304,-319,-303,-289,-278,-467,-472,-473,-471,-469,-467,-443,-423,-402,-410,-510,-507,-603,-600,-696,-686,-667,-803,-1359,-1178,-5700,-5212,-29988,-29989,-29989,-29990,-29991,-29992]} 1. Nf3 Nf6 2. g3 d5 3. Bg2 c6 4. O-O Bg4 5. h3 Bxf3 6. Bxf3 Nbd7 {A07: Réti Opening: New York and Capablanca Systems} (6... e5 7. d3 Bd6 8. e4 O-O 9. Nc3 Bb4 10. Bd2 dxe4 11. dxe4 Nbd7 12. a3 Be7 13. Kg2 Nc5 14. b4 {0-1 (85) Yu,Y (2751)-Andreikin,D (2712) Huaian 2017}) 7. d3 e6 8. e4 dxe4 9. dxe4 {LiveBook: 3 Games} h5 10. Bg5 $146 ({Predecessor:} 10. Qe2 h4 11. g4 Qc7 12. Nd2 Ne5 13. Bg2 Ng6 14. Re1 {0-1 (76) Nyvlt,Z (2426)-Miras Garcia,E (2514) ICCF email 2011}) 10... Qa5 11. Qd2 Bb4 12. c3 Be7 13. b4 Qc7 14. Bf4 ({White should try} 14. Na3 $11) 14... Ne5 $15 15. Bg2 Nfd7 16. Qe2 h4 17. g4 Bd6 18. Nd2 Nf3+ 19. Nxf3 Bxf4 20. Rfd1 g5 21. Qc4 O-O 22. Rd3 Rad8 {And now ...Nb6 would win.} 23. Rad1 b5 $1 {[%cal Rb5c4]} 24. Qb3 c5 {White must now prevent ...c4.} 25. Qa3 (25. Qc2 $17 {was worth a try.}) 25... c4 $19 26. Rd4 {Black should prevent Qa5.} e5 $1 {[%cal Re5d4]} 27. Rd5 Nb6 28. Ne1 $2 (28. Rxd8 Rxd8 29. Ra1) 28... Nxd5 29. exd5 {[#]} e4 $1 30. Bxe4 Rfe8 31. Bf3 {[#]} Qb6 $2 (31... Be3 $1 $19 {[%mdl 512]} 32. fxe3 Qg3+ 33. Bg2 Qxe3+ 34. Kh1 Rxd5) 32. Nc2 $17 Bc7 33. Qc1 Bf4 $40 {[%mdl 128] Black mounts an attack.} 34. Qa3 $1 Be5 {Strongly threatening ...Qf6.} 35. Nd4 (35. Kg2 $17) 35... Qf6 (35... Bxd4 $1 $19 36. Rxd4 Re1+ 37. Kg2 Qd6) 36. Qc1 $2 (36. Nf5 $15) 36... Bxd4 $1 $19 37. Rxd4 Qxf3 38. Qxg5+ Kf8 {( -> ...Re1+)} 39. Qh6+ Ke7 40. Rf4 Qd1+ $1 (40... Qxd5 41. Qxh4+ Kf8 42. Qh8+ Ke7 43. Qf6+ Kf8 44. Qh8+ Ke7 45. Qf6+ Kf8 46. Qh8+ $11) 41. Kh2 {[#] Re4+ would kill now.} Rd6 $1 {[%cal Rd6h6]} ({And not} 41... Qxd5 42. Qf6+ Kf8 43. Qh8+ Ke7 44. Qf6+ Kf8 45. Qh8+ Ke7 46. Qxh4+ Kf8 47. Qh8+ Ke7 48. Qf6+ Kf8 49. Qh8+ Ke7 50. Qf6+ Kf8 51. Qh8+ $11) ({Not} 41... Rxd5 42. Qxh4+ Kd7 43. Rxf7+ Kc6 44. Qh7 $17) 42. Qxh4+ {[#]} Kd7 $1 43. Rxf7+ Kc8 44. Qh7 {Threatening mate with Rb7.} Qd3 ({Worse is} 44... Rxd5 45. Rc7+ Kd8 46. Rxa7 $11) 45. Rc7+ $2 (45. Qg7 {is a better defense.} Qxd5 46. Rc7+ Kb8 47. Rc5) 45... Kd8 46. Qg7 Qe2 47. Rf7 Qe5+ 48. Qxe5 Rxe5 49. h4 Rd7 50. Rf4 Rexd5 51. h5 Ke8 52. Kg3 Rd3+ 53. Kh4 Rxc3 54. g5 Rc1 55. g6 c3 {[%cal Bc4c3,Bc3c2][%mdl 32]} 56. h6 c2 {Black mates.} 57. g7 Rh1+ 58. Kg5 Rg1+ {Precision: White = 37%, Black = 73%.} 0-1

[Event "1. Bamberg-Open 2018"]
[Site "Bamberg"]
[Date "2018.05.12"]
[Round "5"]
[White "Chatalbashev, Boris"]
[Black "Hovsepyan, Vardan"]
[Result "1/2-1/2"]
[WhiteElo "2561"]
[BlackElo "2244"]
[Annotator "TA"]
[PlyCount "57"]
[EventDate "2018.??.??"]
[EventType "swiss"]
[EventCountry "GER"]
[SourceTitle "playchess.com"]
[Source "ChessBase"]
[SourceQuality "1"]

{[%evp 18,57,18,24,19,2,16,0,29,27,27,26,23,21,18,12,20,14,0,0,0,0,0,0,0,0,0,0,-3,-14,-14,-15,-16,-34,-34,-51,-53,-53,-47,-47,-49,-55]} 1. d4 d5 2. c4 c6 3. Nf3 Nf6 4. g3 Bf5 5. Nc3 e6 6. Nh4 {D11: Slav Defence: 3 Nf3 sidelines and 3...Nf6 4 e3 Bg4} Bg4 7. Qb3 (7. h3 Bh5 8. Qb3 Qc8 9. g4 Bg6 10. Nxg6 hxg6 11. Bg2 Be7 12. Bd2 Nbd7 {1-0 (45) Cheparinov,I (2710)-Laznicka,V (2647) Riadh 2017}) 7... Qb6 8. h3 Bh5 9. c5 Qxb3 10. axb3 {LiveBook: 3 Games} Be7 11. g4 $146 ({Predecessor:} 11. b4 Nfd7 12. Ng2 e5 13. dxe5 {1-0 (55) Trippold,D (2051)-Mar,K (2103) Austria 2017}) 11... Bg6 12. g5 Ne4 13. Nxg6 hxg6 14. Nxe4 dxe4 15. Bf4 Na6 16. Ra4 Kd7 17. Bg2 Rh5 18. Bxe4 Rh4 19. e3 e5 $1 {[%cal Re5f4]} 20. dxe5 Nxc5 21. Rd4+ Ke8 22. Bc2 Ne6 23. Rc4 Nxg5 24. Bxg5 Bxg5 25. f4 Bd8 {Black is slightly better.} 26. Be4 Ke7 27. Ke2 Bb6 28. Bg2 Rd8 29. Rf1 {Precision: White = 61%, Black = 97%.} 1/2-1/2

[Event "1. Bamberg-Open 2018"]
[Site "Bamberg"]
[Date "2018.05.12"]
[Round "5"]
[White "Kunin, Vitaly"]
[Black "Karpatchev, Aleksandr"]
[Result "1-0"]
[WhiteElo "2545"]
[BlackElo "2463"]
[Annotator "TA"]
[PlyCount "80"]
[EventDate "2018.??.??"]
[EventType "swiss"]
[EventCountry "GER"]
[SourceTitle "playchess.com"]
[Source "ChessBase"]
[SourceQuality "1"]

{[%evp 18,80,18,18,18,5,0,0,11,21,21,24,20,6,10,23,12,9,14,7,13,0,0,0,0,0,12,14,24,-42,17,8,14,9,40,37,79,79,102,100,95,97,105,97,103,33,121,120,120,115,121,115,118,77,73,59,62,42,93,93,95,88,152,152,150]} 1. d4 d5 2. c4 dxc4 3. e4 Nc6 {[%cal Bb8c6,Bc6e5,Be5g6,Bg6h4][%mdl 32]} 4. Nf3 Bg4 5. d5 Ne5 6. Bf4 Ng6 {D20: Queen's Gambit Accepted: 3 e3 and 3 e4} 7. Be3 e5 8. Bxc4 Nh4 9. Rg1 a6 10. Nbd2 {LiveBook: 3 Games. Black must now prevent Qb3.} Ng6 11. Qb3 b5 12. Bd3 $146 ({Predecessor:} 12. Be2 Bd7 13. h4 h5 14. g3 {1-0 (48) Goganov,A (2609)-Pridorozhni,A (2533) Khanty-Mansiysk 2014}) 12... Bd6 13. a4 bxa4 14. Qxa4+ Bd7 15. Qc2 Nf6 16. Rxa6 Rxa6 17. Bxa6 O-O 18. Bd3 Qe7 19. Ke2 Nf4+ 20. Bxf4 $1 exf4 21. Qc4 Rb8 22. Ra1 Ng4 23. Kf1 ({White should play} 23. h3 $11 Ne5 24. Nxe5 Qxe5 25. Qc3) 23... g6 (23... Bc5 $15) 24. h3 Ne5 25. Nxe5 Qxe5 26. Qc3 Qe8 27. Nf3 $36 {[%mdl 2048] Threatens to win with e5. White is really pushing.} Bb5 28. e5 Bxd3+ 29. Qxd3 Bxe5 30. Re1 f6 31. Kg1 ({Better is} 31. Nxe5 $16 {And now Nc6 would win.} fxe5 32. Qc3) 31... Qb5 (31... Qe7 $14) 32. Nxe5 $16 fxe5 {[%mdl 4096] Endgame KQR-KQR} 33. Qc3 Qxd5 34. Rxe5 Qf7 35. Qd4 Rf8 36. Qe4 Qf6 37. b4 f3 (37... Rf7 $14) 38. g3 Rf7 39. h4 {[%cal Bh3h4,Bh4h5][%mdl 32]} Kg7 {[#]} ({Black should try} 39... Qd6) 40. h5 $1 Qd6 {Precision: White = 64%, Black = 44%.} 1-0

[Event "1. Bamberg-Open 2018"]
[Site "Bamberg"]
[Date "2018.05.12"]
[Round "5"]
[White "Noe, Christopher"]
[Black "Mons, Leon"]
[Result "1/2-1/2"]
[WhiteElo "2518"]
[BlackElo "2551"]
[Annotator "TA"]
[PlyCount "55"]
[EventDate "2018.??.??"]
[EventType "swiss"]
[EventCountry "GER"]
[SourceTitle "playchess.com"]
[Source "ChessBase"]
[SourceQuality "1"]

{[%evp 21,55,-32,-17,-2,-6,-14,-15,-9,-2,-19,-8,-10,-7,-6,-9,-15,-22,-34,-56,-46,-39,-37,-39,-53,-63,-56,0,0,0,0,22,0,23,20,11,0]} 1. d4 d5 2. Nf3 Nf6 3. Bf4 c5 4. c3 Qb6 5. Qb3 Nc6 6. e3 c4 7. Qc2 Bf5 8. Qc1 e6 9. Be2 {D02: 1 d4 d5 2 Nf3 sidelines, including 2...Nf6 3 g3 and 2...Nf6 3 Bf4} (9. Nbd2 h6 10. Be2 Qd8 11. b3 b5 12. a4 a6 13. O-O Be7 14. axb5 axb5 15. Rxa8 Qxa8 16. bxc4 bxc4 17. Qb2 {½-½ (47) Gabuzyan,H (2571)-Petrosyan,M (2570) Yerevan 2018}) 9... Be7 10. Nbd2 O-O 11. O-O Rfc8 {LiveBook: 14 Games} 12. Re1 Qd8 13. Ne5 Nxe5 14. Bxe5 b5 15. a3 $146 ({Predecessor:} 15. Bf3 b4 16. e4 dxe4 17. Nxe4 Nd5 {½-½ (48) Trana,A (2357)-Atakisi,F (2423) ICCF email 2005}) 15... a5 16. Bxf6 Bxf6 17. Bf3 $1 Bg5 18. Qd1 b4 19. e4 bxc3 20. bxc3 Bxd2 21. Qxd2 dxe4 22. Bxe4 Bxe4 23. Rxe4 Rab8 ({Better is} 23... a4 $1 $15) 24. a4 $11 Rb3 25. Re5 Qb6 26. Qe1 g6 27. h4 h5 28. Rd1 {Precision: White = 64%, Black = 54%.} 1/2-1/2

[Event "1. Bamberg-Open 2018"]
[Site "Bamberg"]
[Date "2018.05.12"]
[Round "5"]
[White "Vogel, Roven"]
[Black "Danin, Alexandre"]
[Result "0-1"]
[WhiteElo "2449"]
[BlackElo "2537"]
[Annotator "TA"]
[PlyCount "152"]
[EventDate "2018.??.??"]
[EventType "swiss"]
[EventCountry "GER"]
[SourceTitle "playchess.com"]
[Source "ChessBase"]
[SourceQuality "1"]

{[%evp 19,152,-12,-17,-5,0,0,0,0,0,0,0,2,7,-30,0,0,0,0,6,-2,0,-8,0,0,0,0,0,0,31,29,24,5,109,-26,-21,-27,4,0,13,0,0,0,0,-19,74,11,21,-53,-53,-147,-150,-132,-131,-122,-123,-173,-172,-856,-233,-287,-180,-180,-181,-173,-173,-225,-129,-303,-267,-288,-329,-270,-88,-88,-88,-88,-47,-279,-279,-279,-266,-992,-972,-1000,-983,-635,-431,-438,-427,-1139,-1139,-1139,-1132,-1132,-1109,-1132,-420,-1051,-891,-866,-409,-387,0,-678,-410,-395,-224,-349,-285,-325,-224,-303,-225,-225,-18,-224,-194,-169,-194,-1136,-1126,-1122,-1092,-1057,-1030,-962,-977,-1024,-951,-1019,-969,-884,-552,-536,-431]} 1. d4 d5 2. Bf4 c5 3. e3 cxd4 4. exd4 Nc6 5. c3 Bf5 (5... Nf6 6. Bd3 Bg4 7. Qb3 Qc8 8. Nd2 e6 9. Ngf3 Bh5 10. O-O Be7 11. Rae1 a6 12. Qc2 Bg6 13. Ne5 Nxd4 14. Qa4+ Nc6 15. Nxg6 hxg6 16. Nf3 b5 17. Qd1 Qd7 18. a4 bxa4 19. Qxa4 {1-0 (84) Nakamura,H (2780)-Topalov,V (2749) Saint Louis 2017}) 6. Qb3 {B13: Caro-Kann: Exchange Variation and Panov-Botvinnik Attack} Qd7 7. Nf3 e6 8. Ne5 Nxe5 9. Bxe5 Ne7 10. Nd2 Nc6 {LiveBook: 7 Games} 11. Bg3 Be7 12. Be2 $146 ({Predecessor:} 12. Nf3 O-O 13. Ne5 Nxe5 14. Bxe5 {½-½ (20) Kovacevic,S (2364)-Abreu Delgado,A (2486) Mislata 2007}) 12... O-O 13. a4 Bd6 14. Bxd6 Qxd6 15. O-O Rab8 16. a5 Rfc8 17. Qa3 Qc7 18. Bb5 Ne7 {[%cal Bc6e7,Be7f5,Bf5d6][%mdl 32]} 19. a6 {Black should prevent axb7.} b6 20. Rac1 Bg6 21. Nf3 Nf5 22. Ne5 Nd6 23. Qb4 Be4 24. Rfe1 Bf5 25. h3 h6 (25... Nxb5 $11 {keeps the balance.} 26. Qxb5 h6) 26. b3 ({White must play} 26. c4 $1 $16) 26... Nxb5 $11 27. Qxb5 Qd6 (27... f6 $5 {[%cal Rf6e5]} 28. Nd3 Qd6 $15) 28. c4 dxc4 29. bxc4 Rc7 30. c5 Qd5 31. g4 Bg6 (31... Bh7 $11) 32. Qb2 (32. Qe2 $1 $16) 32... Kh7 33. cxb6 (33. Nxg6 $11 fxg6 34. Re5) 33... Rxb6 34. Qe2 (34. Qxb6 $15 Rxc1 35. Qb4 Rxe1+ 36. Qxe1) 34... Rxc1 $17 35. Rxc1 Qxd4 36. Nxg6 fxg6 {[%mdl 4096] Endgame KQR-KQR} 37. Rd1 Qa4 38. Rd8 $2 (38. Kh2) 38... Qxa6 $2 (38... Rb1+ 39. Kh2 Qf4+ 40. Kg2 Qc1) 39. Qe4 {Threatens to win with Qa8.} Qb7 40. Qxb7 Rxb7 $19 {KR-KR} 41. Re8 Rb6 42. h4 (42. g5 {was called for.}) 42... h5 (42... g5 $19 43. h5 a5) 43. f3 $2 (43. Kg2 $17 {might work better.}) 43... hxg4 44. fxg4 Rb4 45. g5 Re4 $2 (45... Rxh4 $19 {and Black stays clearly on top. And now ...Rg4+ would win.} 46. Rxe6 a5) 46. Kf2 a5 {[%cal Ba7a5,Ba5a4,Ba4a3][%mdl 32]} 47. Kf3 Re5 48. Kf4 $2 ({White should play} 48. Ra8 $15) 48... Re1 49. Ra8 Ra1 50. Ra6 $2 (50. Ke4) 50... a4 51. Rxe6 a3 52. Re2 Kg8 53. Ke5 Rf1 ({Resist} 53... a2 54. Ke6 $19) 54. Ke6 (54. Ra2 $142 Rf5+ 55. Kd6) 54... Rf4 55. Ra2 Ra4 56. Ke7 Ra6 57. Kd7 Ra7+ (57... Ra5 $142 58. Kd6 Kf7) 58. Ke8 (58. Kd6 $142 Kf8 59. Rf2+ Ke8 60. Ra2) 58... Ra5 59. Ke7 Re5+ (59... Ra4 $142 60. Ke6 Kf8) 60. Kd6 Ra5 $2 (60... Re3 61. Kd7 Rh3) 61. Ke7 $1 Ra4 62. Kd7 Kh7 (62... Ra8 $142 63. Ke7 Ra7+ 64. Ke8 Kh8) 63. Ke7 (63. Kc6 {was forced.}) 63... Re4+ (63... Rxh4 64. Rxa3 Rf4 65. Ke6 $15) 64. Kf7 Rf4+ ({Weaker is} 64... Rxh4 65. Rxa3 Rf4+ 66. Ke6 $15) 65. Ke7 Rf3 ({Less strong is} 65... Rxh4 66. Rxa3 Rf4 67. Ke6 $15) 66. Ra1 Kh8 $2 (66... Rb3 $19 67. Kd6 Rh3) 67. Ra2 $2 (67. Rc1 $11) 67... Kg8 $1 68. Ra1 {[#]} Rf7+ $1 69. Ke6 $2 (69. Ke8) 69... Ra7 {Black is clearly winning.} 70. Ra2 {[#]} Kf8 $1 {[%cal Rf8e8]} 71. Kd6 Ke8 72. Re2+ Kd8 73. Ra2 Ra6+ 74. Kc5 Ke7 75. Kb4 Ke6 76. Kb3 Ke5 {Precision: White = 29%, Black = 48%.} 0-1

[Event "1. Bamberg-Open 2018"]
[Site "Bamberg"]
[Date "2018.05.12"]
[Round "5"]
[White "Mazur, Stefan"]
[Black "Tscharotschkin, Michael"]
[Result "1-0"]
[WhiteElo "2413"]
[BlackElo "2219"]
[Annotator "TA"]
[PlyCount "75"]
[EventDate "2018.??.??"]
[EventType "swiss"]
[EventCountry "GER"]
[SourceTitle "playchess.com"]
[Source "ChessBase"]
[SourceQuality "1"]

{[%evp 26,75,141,129,146,0,0,-68,-46,-62,-79,-107,-116,-300,-210,-209,-174,-210,-66,-152,0,-10,466,399,348,425,450,427,372,385,689,670,1084,1045,1022,964,1322,955,29989,29990,29990,29987,29987,29979,29990,29991,29994,29991,29991,29992,29992,1258]} 1. e4 e6 2. d4 d5 3. Nc3 Bb4 4. e5 c5 5. a3 Bxc3+ 6. bxc3 Ne7 7. Qg4 Qc7 8. Bd3 cxd4 9. Ne2 dxc3 10. Qxg7 Rg8 11. Qxh7 Qxe5 {C18: French: 3 Nc3 Bb4: Main line: 7 h4 and 7 Qg4} 12. h4 (12. Bf4 Qf6 13. h4 Rxg2 14. Kf1 Rg8 15. Rg1 Rh8 16. Bg5 Rxh7 17. Bxf6 Rh6 18. Bg5 Rh8 19. Bf6 Rh6 20. Bg5 Rh8 21. Bf6 {½-½ (21) Leko,P (2728)-Shirov,A (2713) Saratov 2011}) 12... Rxg2 13. Bg5 Nbc6 14. Kf1 {LiveBook: 3 Games} Rh2 15. Rxh2 $146 (15. Rg1 $1 $16 Rh3 16. Re1 Rxd3 17. cxd3 (17. Qxd3 b6 $16)) ({Predecessor:} 15. Rg1 Rh3 16. Re1 Qd6 17. Nf4 e5 18. Qh8+ Kd7 19. Nxh3 {1-0 (27) Merry,A (2348)-Mason,D (2143) England 2014}) 15... Qxh2 $11 16. Ng3 (16. Bf4 $1 $11 Qh3+ 17. Kg1) 16... e5 $1 $15 {aiming for ...Bh3+.} 17. Qh8+ Kd7 18. Qg7 Kd6 $1 {Threatens to win with ...Be6.} 19. Qf6+ $2 (19. Rb1 $17) 19... Kc7 20. Qxf7 Bh3+ 21. Ke2 {[#]} Bg4+ (21... Be6 $1 $19 {[%mdl 512]} 22. Qf6 (22. Qxe6 Nd4+) 22... Nd4+ 23. Ke3 Nec6) 22. Ke1 {[#]} (22. Kf1 $15 Rd8 23. Rb1 (23. Bxe7 Bh3+ 24. Ke2 Rd7 $17)) 22... Qg1+ $2 ({Black should play} 22... Rd8 $1 $17 23. Bxe7 Rd7) 23. Bf1 (23. Nf1 $5 {[%cal Rg5e7]} Rd8 24. Bxe7 $11) 23... Nd4 $2 {[%mdl 8192]} (23... Kd7 $11 {and Black is okay.} 24. Rb1 b6) 24. Qxe7+ $18 Kc6 {[%cal Rd4c2]} 25. Qf6+ Kd7 {[%cal Rd4c2]} 26. Qg7+ Kc6 {[%cal Rd4c2]} 27. Qg6+ Kd7 $2 (27... Kc7 28. Bf6 Re8) 28. Be3 Nf3+ {[#]} 29. Kd1 $1 Nh2+ 30. Kc1 Rd8 31. Qg7+ Ke6 32. Bg5 {[%csl Gg5][%cal Rg7e7] White mates.} Re8 33. Qg6+ Kd7 34. Qf7+ Kd6 35. Qxe8 Bd7 36. Qe7+ Kc6 37. Qf6+ Kc5 38. Be3+ {Precision: White = 35%, Black = 22%.} (38. Qxe5 $142 Qxf1+ 39. Nxf1 Nf3 40. Qc7+ Bc6 41. Rb1 d4 42. Be7+ Kd5 43. Qd6+ Ke4 44. Ng3#) 1-0

[Event "1. Bamberg-Open 2018"]
[Site "Bamberg"]
[Date "2018.05.12"]
[Round "5"]
[White "Scholz, Christian, Dr."]
[Black "Delitzsch, Juergen"]
[Result "1-0"]
[WhiteElo "2388"]
[BlackElo "2206"]
[Annotator "TA"]
[PlyCount "79"]
[EventDate "2018.??.??"]
[EventType "swiss"]
[EventCountry "GER"]
[SourceTitle "playchess.com"]
[Source "ChessBase"]
[SourceQuality "1"]

{[%evp 23,79,82,91,84,114,97,119,117,144,122,129,143,162,148,153,127,129,135,129,134,122,133,149,151,210,204,233,231,220,222,204,210,237,220,201,230,328,318,398,408,392,422,415,404,389,389,1708,1514,2009,1381,29986,29987,29987,29988,29995,29996,29996,29997]} 1. d4 Nf6 2. c4 g6 3. Nc3 Bg7 4. e4 d6 5. Nf3 O-O 6. h3 e5 7. d5 Nh5 8. Be3 a5 {E90: King's Indian: Classical: Early deviations and 6 h3} (8... Na6 9. a3 c5 10. dxc6 bxc6 11. b4 f5 12. Qa4 c5 13. Rd1 Bb7 14. bxc5 f4 15. c6 fxe3 16. cxb7 exf2+ 17. Kd2 Nc5 18. bxa8=Q Qxa8 {0-1 (18) Kovalenko,I (2684)-Mamedov,R (2688) Tallinn 2016}) 9. g3 {[%cal Bg2g3,Bg3g4,Bg4g5][%mdl 32]} Na6 10. Nd2 Nc5 11. Be2 Nf6 12. g4 Bd7 {LiveBook: 6 Games} 13. h4 Qc8 {[%cal Rf6g4]} 14. Rg1 Kh8 $146 ({Predecessor:} 14... a4 15. g5 Ne8 16. h5 a3 {0-1 (40) Lucena,L (2200)-Campelo,L (2245) Brasilia 2003}) 15. g5 Ne8 16. h5 gxh5 17. Bf1 Bg4 18. f3 Bh3 19. Rh1 Bxf1 20. Nxf1 ({Resist} 20. Kxf1 $6 f6 $14) 20... f6 21. Rxh5 {aiming for g6.} fxg5 22. Bxg5 Bf6 23. Be3 Qd8 {[#]} (23... Qd7 $16) 24. Qe2 $1 $18 ({And not} 24. Bxc5 dxc5 25. Rh1 Bg5 $11) 24... Bh4+ 25. Kd2 Ng7 26. Rh6 {Strongly threatening Qh2.} Bg5 27. Rh3 Rf7 28. Ng3 {[%cal Bf1g3,Bg3f5,Bf5h6][%mdl 32]} Nd7 29. Rah1 {[%cal Ba1h1,Bh1g1,Bg1g7][%mdl 32]} Nf8 (29... Bxe3+ $142 30. Qxe3 Nf8) 30. Nd1 c6 31. Qh2 {[%cal Rh3h7] [#] Threatening mate with Rxh7+.} Ne8 32. Nf5 cxd5 33. Rg1 Bxe3+ 34. Ndxe3 Ne6 $2 (34... Ng7 35. Qg2 (35. cxd5 Rc8 $18) (35. Nxd5 Nxf5 36. exf5 a4 $18) 35... Qc7 36. exd5 b5) 35. Nh6 {[%cal Rh6f7]} Rg7 36. Rxg7 Kxg7 37. Rg3+ {White mates.} Kf8 38. Qh5 {[%csl Gh6][%cal Rh5f7]} Qd7 39. Rg8+ Ke7 40. Qh4+ {Precision: White = 97%, Black = 41%.} 1-0

[Event "1. Bamberg-Open 2018"]
[Site "Bamberg"]
[Date "2018.05.12"]
[Round "5"]
[White "Paehtz, Thomas"]
[Black "Grosshans, Ralf-Michael"]
[Result "1-0"]
[WhiteElo "2353"]
[BlackElo "2119"]
[Annotator "TA"]
[PlyCount "99"]
[EventDate "2018.??.??"]
[EventType "swiss"]
[EventCountry "GER"]
[SourceTitle "playchess.com"]
[Source "ChessBase"]
[SourceQuality "1"]

{[%evp 14,99,35,20,33,9,12,14,0,-22,12,-48,-14,-14,-20,-21,0,0,0,0,19,16,33,0,10,5,10,0,0,0,3,0,0,0,0,-14,0,0,0,0,0,-14,0,0,0,0,0,0,0,0,106,82,93,107,175,67,229,225,277,286,268,255,279,234,1142,1141,2208,2354,1975,1194,1285,1128,1041,962,2500,1502,29987,29988,29988,29989,29989,29990,29990,29991,29991,29992,29992,29979]} 1. d4 Nf6 2. Nf3 d6 3. Nc3 Bg4 4. e4 e6 5. Be2 Be7 6. O-O O-O 7. h3 {A41: 1 d4 d6: Tartakower System and Modern Defence} Bh5 8. Re1 {LiveBook: 5 Games} (8. Be3 a6 9. a4 d5 10. exd5 Nxd5 11. Nxd5 exd5 12. Ne5 Bxe2 13. Qxe2 Nd7 {½-½ (13) Postny,E (2653)-Gharamian,T (2663) Aix les Bains 2012}) 8... Nbd7 9. d5 $146 {White is slightly better.} ({Predecessor:} 9. a3 c5 10. d5 Nb6 11. dxe6 fxe6 12. Ng5 Bf7 13. Nxf7 Rxf7 14. a4 {1-0 (26) Hutya,J-Radnoti,G Hungary 1996}) 9... e5 10. g4 Bg6 11. Bf1 Nc5 {[%cal Rf6e4]} 12. Nd2 (12. Nh4 $1 $11) 12... a5 13. Bg2 h5 14. Nb3 Nxb3 15. axb3 hxg4 16. hxg4 Qd7 17. f3 Nh7 18. Be3 Bg5 19. Qd3 Qe7 20. Bxg5 Nxg5 21. Qb5 b6 22. Qd3 f6 23. Kf2 Rfc8 24. Nd1 Be8 25. Ne3 Bd7 26. Rh1 g6 27. Rh6 Qg7 28. Rah1 Kf7 29. Qc3 Ke7 30. R6h2 b5 31. Bf1 c5 {[#]} (31... b4 $11 32. Qe1 Rh8) 32. dxc6 $1 $16 Bxc6 33. Qd3 Qf7 (33... Rh8 $16) 34. Qd1 ({Better is} 34. c4 $18) 34... a4 $2 {[#]} ({Black should play} 34... Rd8 $1 $14) 35. c4 $1 $18 {[%cal Bc2c4,Bc4b5][%mdl 32]} axb3 36. cxb5 Bb7 37. Kg3 Rc5 38. Rh8 Ra2 $2 (38... Rcc8 39. Rxc8 Rxc8) 39. Rb8 Nxe4+ 40. fxe4 Bxe4 41. Bg2 Bxg2 42. Nxg2 {Hoping for Rb7+.} Ra7 43. Rhh8 d5 44. Qxb3 f5 45. Qb4 {White mates.} Rac7 46. b6 fxg4 47. bxc7 Qf3+ 48. Kh2 g3+ 49. Kh3 Qf5+ 50. Qg4 {Precision: White = 51%, Black = 39%.} 1-0

[Event "1. Bamberg-Open 2018"]
[Site "Bamberg"]
[Date "2018.05.12"]
[Round "5"]
[White "Donchenko, Anatoly"]
[Black "Troyke, Christian"]
[Result "1/2-1/2"]
[WhiteElo "2301"]
[BlackElo "2342"]
[Annotator "TA"]
[PlyCount "31"]
[EventDate "2018.??.??"]
[EventType "swiss"]
[EventCountry "GER"]
[SourceTitle "playchess.com"]
[Source "ChessBase"]
[SourceQuality "1"]

{[%evp 26,31,36,32,58,24,22,0]} 1. d4 g6 2. Nf3 Bg7 3. c4 Nf6 4. Nc3 O-O 5. g3 d6 6. Bg2 Nbd7 7. O-O e5 8. h3 c6 9. e4 exd4 10. Nxd4 Re8 11. Be3 Nc5 12. Qc2 a5 13. b3 {E69: King's Indian: Fianchetto: 6...Nbd7 7 0-0 e5 8 e4 c6 9 h3} Bd7 14. Rfe1 {LiveBook: 3 Games} Qc8 15. g4 $146 {[%cal Bg3g4,Bg4g5][%mdl 32]} ({Predecessor:} 15. Kh2 Re5 16. Nf3 Rh5 17. Nh4 g5 18. Nf5 Bxf5 19. exf5 g4 20. h4 Qxf5 21. Qxf5 Rxf5 {0-1 (47) Ji,D (2374)-Li,S (2558) China 2013}) 15... h5 $1 {[%cal Rh5g4]} 16. g5 1/2-1/2

[Event "1. Bamberg-Open 2018"]
[Site "Bamberg"]
[Date "2018.05.12"]
[Round "5"]
[White "Gegenfurtner, Juergen"]
[Black "Troyke, Doreen"]
[Result "1-0"]
[WhiteElo "2289"]
[BlackElo "2074"]
[Annotator "TA"]
[PlyCount "63"]
[EventDate "2018.??.??"]
[EventType "swiss"]
[EventCountry "GER"]
[SourceTitle "playchess.com"]
[Source "ChessBase"]
[SourceQuality "1"]

{[%evp 24,63,49,49,71,57,77,81,75,72,81,77,158,162,145,139,216,220,147,110,109,95,319,311,313,315,306,309,319,0,212,0,319,312,314,304,311,318,308,309,789,769]} 1. e4 c5 2. Nf3 Nc6 3. d4 cxd4 4. Nxd4 e5 5. Nb5 d6 6. c4 Be7 7. Be2 Be6 8. O-O Nf6 9. N1c3 a6 10. Na3 O-O 11. Be3 Rc8 12. Rc1 Ne8 13. Qd2 {[#] LiveBook: 6 Games. B32: Sicilian: Löwenthal and Kalashnikov Variations} Qd7 $146 ({Predecessor:} 13... h6 14. Rfd1 Bg5 15. Nc2 Bxe3 16. Qxe3 Qg5 17. Qxg5 hxg5 18. b4 g6 19. f3 Kg7 20. Nd5 f5 21. Nb6 Rc7 {½-½ (21) Forgacs,P (2443)-Pankratov,A (2561) ICCF email 2000}) 14. Rfd1 f5 15. exf5 {White is better.} Bxf5 16. Nd5 Bd8 17. c5 {aiming for Nc4.} Kh8 ({Black should play} 17... Nd4) 18. Nc4 $16 dxc5 19. Bxc5 Rf7 (19... Rg8 $16 {is a better defense.} 20. Qe3 Qe6) 20. Qe3 $18 {Hoping for Ndb6.} Qe6 21. Ncb6 {[#] And now Bc4 would win.} Rb8 22. Bc4 $36 {[%mdl 2048] Nb4 is the strong threat. Keeping Black busy.} Qh6 $2 (22... Nd6 $16 {was necessary.}) 23. Qxh6 gxh6 24. Ne3 Rf6 25. Nbd5 Rf7 26. Nb6 Rf6 27. Nbd5 (27. Nxf5 $142 Bxb6 28. Bxb6 Rxf5 29. Rd7) 27... Rf7 28. Nb4 Rf6 29. Nxc6 Rxc6 30. Bd5 ({Resist} 30. Nxf5 $6 Rxc5 31. Nxh6 Bf6 $18) ({Don't play} 30. Ba7 Rbc8 $18) 30... Rf6 31. Ba7 Rc8 $2 {[#]} (31... Ra8 32. Bc5 Rb8) 32. Nxf5 {Precision: White = 86%, Black = 39%.} 1-0